000 01712nam a2200133Ia 4500
008 220620s9999||||xx |||||||||||||| ||und||
020 _a9783040000000
245 0 _aAgricultural Innovation and Sustainable Development
546 _aEnglish[eng]
650 _aalternative energy source||Ethiopian mustard||sustainability||agricultural green development||entropy weight method||spatial heterogeneity||spatial spillover effect||China||rice yields||climate change||phenology||relative contribution||partial correlation||seed security||banana tissue culture planting material||uptake||banana farmers||central Uganda||traditional rice economics||institutional||socio-demographic factors||multinomial logit model||constraints||China-Africa cooperation||agricultural program||agricultural training||technology adoption||dams||agriculture||livelihoods||health||schistosomiasis||restoration||sustainable development||climate adaptation||rice–wheat cropping system||South Asia||water requirements||nitrogen||direct seeding||agricultural science, technology and innovation||Innovation efficiency||DEA||G20||productivity||efficiency||food security||digital agriculture||smart farming||digitalization||digital technologies||Middle East and North Africa||decision making||instrumental variable||neighbourhood effects||rice farmers||risk attitudes||spatial dependence||agricultural innovation||sustainable agriculture||plant breeding||cereals||intellectual property||agricultural law||plant variety rights||seed marketing||European Union||fertilizer||knowledge||attitude||ease of use||motivation||work performance||n/a
700 _aBlakeney, Michael
856 _uhttps://mdpi.com/books/pdfview/book/5122
942 _cEB
999 _c31845
_d31845